000 00643nam a22002417a 4500
003 UA-OsUOA
001 93029
007 ta
008 20130111b un ||||| |||| 00| 0 ukr d
100 _aБальзак Онере
090 _a821.133.1
_bБ21
942 _cBK
040 _aUA-OsUOA
_bukr
_cUA-OsUOA
_dUA-OsUOA
245 _aВтрачені ілюзії
300 _a594 с.
955 _a0
041 _aukr
080 _a821.133.1
260 _aК.
_bХудожественная литература
_c1956
044 _aRU
650 7 _a82 Література. Літературознавство
_2UDC
999 _c378903
_d378903